00273nam a2200109Ia 4500008004100000041000800041082001300049100001700062245002400079260004600103300001400149230627s9999 xx 000 0 und d aeng a345bMAL aMallick M.R. aCriminal Minor Acts aDelhibProfessional Book Publishersc2018 a1649 pgs.